Multilateral exchange clone trials (1974): Final report (Record no. 63342)

MARC details
000 -LEADER
fixed length control field 00492nam a2200193Ia 4500
100 ## - MAIN ENTRY--AUTHOR NAME
Personal name Ong Seng Huat
245 #0 - TITLE STATEMENT
Title Multilateral exchange clone trials (1974): Final report
260 ## - PUBLICATION, DISTRIBUTION, ETC. (IMPRINT)
Name of publisher Planters Bulletin
Year of publication 1998
300 ## - PHYSICAL DESCRIPTION
Number of Pages 16-Mar
700 ## - ADDED ENTRY--PERSONAL NAME
Personal name Anthonysamy A
700 ## - ADDED ENTRY--PERSONAL NAME
Personal name Cheng Piang Wah
700 ## - ADDED ENTRY--PERSONAL NAME
Personal name Jayasunthar K
700 ## - ADDED ENTRY--PERSONAL NAME
Personal name Mohd Aini Daub
700 ## - ADDED ENTRY--PERSONAL NAME
Personal name Ramli Othman
700 ## - ADDED ENTRY--PERSONAL NAME
Personal name ShaariI
700 ## - ADDED ENTRY--PERSONAL NAME
Personal name Yunos K
942 ## - ADDED ENTRY ELEMENTS (KOHA)
Koha item type Journals
Holdings
Withdrawn status Lost status Damaged status Not for loan Home library Current library Shelving location Date acquired Serial Enumeration / chronology Koha item type
      Journals RRII Library RRII Library Botany 17/12/2021 Volume Qr, Issue No.1 Journals